ETISALAT yellow pages : Abu Dhabi 2007.

Bibliographic Details
Format: Book
Published: [S.I]: Al wahda-Express, 2007.
Edition:2007 ed.
Subjects:
LEADER 00653cam a2200169 7i4500
001 0000020709
005 20080227090000.0
090 0 0 |a UAE 910.2595357   |b ETI 
245 0 0 |a ETISALAT yellow pages :   |b Abu Dhabi 2007. 
250 0 0 |a 2007 ed. 
260 0 0 |a [S.I]:   |b Al wahda-Express,   |c 2007. 
300 # # |a [v.p]. 
650 0 0 |a Business --   |x Abu Dhabi --   |x Directories --   |z United Arab Emirates  
650 0 0 |a Abu Dhabi --   |x Telephone directories --   |z United Arab Emirates  
650 0 0 |a Abu Dhabi --   |x Telephone directories --   |x yellow pages --   |z United Arab Emirates  
651 0 0 |a United Arab Emirates  
999 |a B000021272  |b Directories  |c Countries  |e Business Information Centre